| 000 | 01165nam a2200337 4500 | ||
|---|---|---|---|
| 001 | 21640 | ||
| 003 | CZ PrNK | ||
| 005 | 20260307103437.0 | ||
| 007 | tu | ||
| 008 | 940120s1992 xr a j 0|0 | sla | ||
| 015 | _acnb000071249 | ||
| 020 |
_a8000003864 _q(brož.) |
||
| 035 | _a(OCoLC)39560721 | ||
| 040 |
_aABA001 _bcze |
||
| 041 | 1 |
_asla _hcze |
|
| 072 | 7 |
_a821-93 _xLiteratura pro děti a mládež (beletrie) _2Konspekt |
|
| 080 |
_a82-93 _2undef |
||
| 100 | 1 |
_aMiler, Zdeněk, _d1921-2011 _4aut _4ill |
|
| 245 | 1 | 0 |
_aAko Krtko cestoval : _bPre deti od 2 rokov / _cNámet a ilustrácie Zdeněk Miler ; Veršami doprovádza Josef Brukner ; Do slovenčiny [z češ.] preložila Viera Prokešová ; Graf. úprava Milada Čvančarová |
| 250 | _a1. vyd. | ||
| 260 |
_aPraha : _bAlbatros, _c1992 _e(Skalica : _fGrafobal) |
||
| 300 |
_a[11] s. : _bbarev. obr. ; _c16 x 24 cm |
||
| 655 | 7 |
_apublikace pro děti _2czenas |
|
| 655 | 7 |
_aleporela _2czenas |
|
| 700 | 1 |
_aProkešová, Viera, _d1957-2008 _4trl |
|
| 700 | 1 |
_aČvančarová, Milada _4art |
|
| 700 | 1 |
_aBrukner, Josef, _d1932-2015 _4aut |
|
| 901 | _o19981103 | ||
| 910 | _aABA001 | ||
| 942 |
_2ddc _cKLDE _n0 |
||
| 999 |
_c21640 _d21640 |
||